| 000 | 00601nam a2200169 a 4500 | ||
|---|---|---|---|
| 001 | 5602 | ||
| 003 | CDMR | ||
| 005 | 20131028134817.0 | ||
| 008 | 130130s1990||||||||||||||||||||||||||||d | ||
| 040 |
_aCDMR _bcat _cCPC GIRONA |
||
| 245 | 0 | _aTeoria i anàlisi dels esdeveniments periodístics | |
| 260 |
_c1990 _bSocietat Catalana de Comunicació _aBarcelona |
||
| 500 | _aNúmero monogràfic de la revista Periodística (núm. 2, 1990) | ||
| 740 | 0 | 2 | _aPeriodística: revista acadèmica |
| 856 | 4 | 0 |
_uhttp://www.raco.cat/index.php/Periodistica/issue/view/18238 _yDisponible en línia (RACO) |
| 942 |
_cMON _2udc |
||
| 999 |
_c5602 _d5602 |
||